000 00510 a2200181 4500
003 OSt
005 20240120092329.0
008 240120b |||||||| |||| 00| 0 eng d
020 _a9788182718104
040 _coclc
082 _a340
_bABD/S
100 _aAbdurahman, O
_91863
245 _aSharee'athum Eka Civil Codum /
_cO. Abdurahman
250 _a6th ed.
260 _aKozhikode:
_bIslamic Publishing House,
_c2016.
300 _a88p.
942 _2ddc
_cBK
_h340
_iABD/S
_k340
_mABD/S
999 _c43271
_d43271